00796nam a22002411 45000010005000000030008000050050017000130080041000300350018000710400026000890410008001150820021001231000024001442450064001682500012002322600040002443000032002844900027003165000118003435040019004616500041004808300033005219257BD-RjUL20211208234739.0140120s1953 nyua 001 0 eng d a(BD-RjUL)9302 aBD-RjULbengcBD-RjUL aeng00a540.76bFRC 19531 aFrey, Paul Reheard.10aChemistry problems and how to solve them /cby Paul R. Frey a4th ed. aNew York :bBarnes & Noble,cc1953. axiv, 163 p :bill ;c22 cm.1 aCollege outline series aFirst ed. published in 1938 under title: An outline of mathematics and problems for students of general chemistry aIncludes index 0aChemistryvProblems, exercises, etc. 0aBarnes & Noble problems book